000 00249nam a2200097Ia 4500
001 644980
005 20250826153615.0
008 250824s9999 xx 000 0 und d
245 0 _aGelincik Diz/Kırmızı Bisiklet
_cGülten Dayıoğlu
260 _bALTIN
999 _c644980
_d644980